<?xml version="1.0" encoding="UTF-8"?>
<collection xmlns="http://www.loc.gov/MARC21/slim">
 <record>
  <leader>01769nam a22002777a 4500</leader>
  <controlfield tag="001">NCT_50802</controlfield>
  <controlfield tag="008">180919b        xxu||||| |||| 00| 0 vie d</controlfield>
  <datafield tag="999" ind1=" " ind2=" ">
   <subfield code="c">2427</subfield>
   <subfield code="d">2427</subfield>
  </datafield>
  <datafield tag="020" ind1=" " ind2=" ">
   <subfield code="a">9786049510045</subfield>
   <subfield code="c">270000</subfield>
  </datafield>
  <datafield tag="082" ind1="0" ind2="4">
   <subfield code="2">23rd ed.</subfield>
   <subfield code="a">658.15</subfield>
   <subfield code="b">B855</subfield>
  </datafield>
  <datafield tag="100" ind1="1" ind2=" ">
   <subfield code="a">Brigham, Eugene F</subfield>
  </datafield>
  <datafield tag="245" ind1="1" ind2="0">
   <subfield code="a">Quản trị tài chính = </subfield>
   <subfield code="b">Essentials of financial management</subfield>
   <subfield code="c">Eugene F. Brigham, Joel F. Houston ; Nguyễn Thị Cành (chủ biên, dịch)</subfield>
  </datafield>
  <datafield tag="250" ind1=" " ind2=" ">
   <subfield code="a">Tái bản lần 2</subfield>
  </datafield>
  <datafield tag="260" ind1=" " ind2=" ">
   <subfield code="a">H.</subfield>
   <subfield code="b">Hồng đức</subfield>
   <subfield code="c">2017</subfield>
  </datafield>
  <datafield tag="300" ind1=" " ind2=" ">
   <subfield code="a">983 tr.</subfield>
   <subfield code="c">24cm</subfield>
  </datafield>
  <datafield tag="520" ind1=" " ind2=" ">
   <subfield code="a">Sách cung cấp cho người đọc các kiến thức toàn diện và chuyên sâu về quản trị tài chính trong môi trường kinh doanh toàn cầu hóa.</subfield>
  </datafield>
  <datafield tag="653" ind1=" " ind2=" ">
   <subfield code="a">Quản trị kinh doanh</subfield>
  </datafield>
  <datafield tag="700" ind1="1" ind2=" ">
   <subfield code="a"> Houston,  Joel F.</subfield>
  </datafield>
  <datafield tag="700" ind1="1" ind2=" ">
   <subfield code="a">Nguyễn Thị Cành</subfield>
   <subfield code="e">Chủ biên dịch</subfield>
  </datafield>
  <datafield tag="942" ind1=" " ind2=" ">
   <subfield code="2">ddc</subfield>
   <subfield code="c">BK</subfield>
  </datafield>
  <datafield tag="952" ind1=" " ind2=" ">
   <subfield code="0">0</subfield>
   <subfield code="1">0</subfield>
   <subfield code="2">ddc</subfield>
   <subfield code="4">0</subfield>
   <subfield code="6">658_150000000000000_B855</subfield>
   <subfield code="7">0</subfield>
   <subfield code="9">13986</subfield>
   <subfield code="a">000001</subfield>
   <subfield code="b">000001</subfield>
   <subfield code="d">2018-09-19</subfield>
   <subfield code="o">658.15 B855</subfield>
   <subfield code="p">MD.13373</subfield>
   <subfield code="r">2018-09-19</subfield>
   <subfield code="v">270000.00</subfield>
   <subfield code="w">2018-09-19</subfield>
   <subfield code="y">BK</subfield>
  </datafield>
  <datafield tag="952" ind1=" " ind2=" ">
   <subfield code="0">0</subfield>
   <subfield code="1">0</subfield>
   <subfield code="2">ddc</subfield>
   <subfield code="4">0</subfield>
   <subfield code="6">658_150000000000000_B855</subfield>
   <subfield code="7">0</subfield>
   <subfield code="9">13987</subfield>
   <subfield code="a">000001</subfield>
   <subfield code="b">000001</subfield>
   <subfield code="d">2018-09-19</subfield>
   <subfield code="l">2</subfield>
   <subfield code="o">658.15 B855</subfield>
   <subfield code="p">MD.13374</subfield>
   <subfield code="r">2021-04-23</subfield>
   <subfield code="s">2021-04-07</subfield>
   <subfield code="v">270000.00</subfield>
   <subfield code="w">2018-09-19</subfield>
   <subfield code="y">BK</subfield>
  </datafield>
  <datafield tag="952" ind1=" " ind2=" ">
   <subfield code="0">0</subfield>
   <subfield code="1">0</subfield>
   <subfield code="2">ddc</subfield>
   <subfield code="4">0</subfield>
   <subfield code="6">658_150000000000000_B855</subfield>
   <subfield code="7">0</subfield>
   <subfield code="9">13988</subfield>
   <subfield code="a">000001</subfield>
   <subfield code="b">000001</subfield>
   <subfield code="d">2018-09-19</subfield>
   <subfield code="o">658.15 B855</subfield>
   <subfield code="p">MD.13375</subfield>
   <subfield code="r">2018-09-19</subfield>
   <subfield code="v">270000.00</subfield>
   <subfield code="w">2018-09-19</subfield>
   <subfield code="y">BK</subfield>
  </datafield>
  <datafield tag="952" ind1=" " ind2=" ">
   <subfield code="0">0</subfield>
   <subfield code="1">0</subfield>
   <subfield code="2">ddc</subfield>
   <subfield code="4">0</subfield>
   <subfield code="6">658_150000000000000_B855</subfield>
   <subfield code="7">0</subfield>
   <subfield code="9">13989</subfield>
   <subfield code="a">000001</subfield>
   <subfield code="b">000001</subfield>
   <subfield code="d">2018-09-19</subfield>
   <subfield code="l">1</subfield>
   <subfield code="o">658.15 B855</subfield>
   <subfield code="p">MD.13376</subfield>
   <subfield code="r">2019-10-30</subfield>
   <subfield code="s">2019-10-16</subfield>
   <subfield code="v">270000.00</subfield>
   <subfield code="w">2018-09-19</subfield>
   <subfield code="y">BK</subfield>
  </datafield>
  <datafield tag="952" ind1=" " ind2=" ">
   <subfield code="0">0</subfield>
   <subfield code="1">0</subfield>
   <subfield code="2">ddc</subfield>
   <subfield code="4">0</subfield>
   <subfield code="6">658_150000000000000_B855</subfield>
   <subfield code="7">0</subfield>
   <subfield code="9">13990</subfield>
   <subfield code="a">000001</subfield>
   <subfield code="b">000001</subfield>
   <subfield code="d">2018-09-19</subfield>
   <subfield code="o">658.15 B855</subfield>
   <subfield code="p">MD.13377</subfield>
   <subfield code="r">2018-09-19</subfield>
   <subfield code="v">270000.00</subfield>
   <subfield code="w">2018-09-19</subfield>
   <subfield code="y">BK</subfield>
  </datafield>
  <datafield tag="980" ind1=" " ind2=" ">
   <subfield code="a">Thư viện Trường Đại học Nam Cần Thơ</subfield>
  </datafield>
 </record>
</collection>
